| 000 | 00563nam a2200217Ia 4500 | ||
|---|---|---|---|
| 003 | GCL | ||
| 008 | 140319s9999 xx 000 0 eng d | ||
| 040 |
_aGCL / _cGCL |
||
| 082 | 0 | 4 |
_a340.112 _bB J |
| 100 | 1 | _aBURTON, STEVEN | |
| 245 | 1 | 0 |
_aJUDGING IN FOOD FAITH / _cBURTON, STEVEN |
| 260 |
_a[S.N] : _bCAMBRIDGE UNIVERSITY PRESS ، _c1992 |
||
| 300 | _a271 P | ||
| 490 |
_aCAMBRIDGE STUDIES IN PHILOSOPHY _v0 |
||
| 650 | 0 | 4 | _aJURIS PRUDENCES |
| 650 | 0 | 4 | _aPHILOSOPHY |
| 650 | 0 | 4 | _aLAW |
| 650 | 0 | 4 | _aJUDICIAL PROCESS |
| 650 | 0 | 4 | _aMORAL |
| 942 |
_2ddc _cBK |
||
| 999 |
_c25190 _d25190 |
||